LEADER 01126nam a2200253 i 4500 001 000000170962 003 CaOOAMICUS 005 20080415000000.0 008 080415s1973 it u000 u ita u 013 $a148378 040 $aSeMil$bita 100 1 $aSamonà, Carmelo.$0(OLS)http://semarc/name/58972 245 12$aI Secoli d'Oro /$cCarmelo Samonà, Guido Mancini, Francesco Guazzelli, Alessandro Martinengo. 300 $a565 p. 490 0 $aLe letterature del mondo : enciclopedia universale delle letterature ;$v7.[1] 500 $aContiene : Bibliografia. 700 1 $aMartinengo, Alessandro.$0(OLS)http://semarc/name/63946 700 1 $aGuazzelli, Francesco.$0(OLS)http://semarc/name/63945 700 1 $aMancini, Guido <1880-1975>.$0(OLS)http://semarc/name/35687 773 0 $tLetteratura spagnola.$dFirenze : Sansoni ; Milano : Accademia, 1972-1974.$w()19429 830 3$aLe letterature del mondo ;$v7.[1].$0(OLS)http://semarc/title/8394 850 $aSeMil 852 $aSeMil$W1$xVenegono$y1$m1R III 52/2$j257759$B121839$CSeMilBibl$Z2$F133097 $81 996 $6245$aI Secoli d'Oro$9(OLS)http://semarc/title/244551 LEADER 01360nam a2200301 i 4500 001 000000233003 003 CaOOAMICUS 005 20140911000000.0 008 140911s1996 it u000 u ita u 013 $a211906 020 $a88-8111-175-6 040 $aSeMil$bita 100 1 $aRousseau, Jean-Jacques,$d<1712-1778>.$0(OLS)http://semarc/name/1179 240 14$aLes confessions.$0(OLS)http://semarc/title/17522 245 13$aLe confessioni /$cJean-Jacques Rousseau ; traduzione di Valeria Sottile Scaduto ; premessa al testo di Bruno Segre. 260 $aMilano :$bOpportunity Book,$c1996. 300 $a410 p. ;$c21 cm. 490 0 $aLa biblioteca ideale tascabile ;$v100 650 4$aRousseau, Jean-Jacques <1712-1778> . Confessions.$0(OLS)http://semarc/subject/2203 700 1 $aSegre, Bruno.$0(OLS)http://semarc/name/49067 700 1 $aSottile Scaduto, Valeria.$0(OLS)http://semarc/name/8822 830 3$aLa biblioteca ideale tascabile ;$v100.$0(OLS)http://semarc/title/39785 850 $aSeMil 852 $aSeMil$W1$xVenegono$y1$m2P II 820$j183349$B183349$CSeMilBibl$Z2$F195198 $81 961 $aLascito: Serenthà don Mario 996 $6020$a88-8111-175-6$9(OLS)http://semarc/number/236801 996 $6245$aLe confessioni$9(OLS)http://semarc/title/25229 996 $6260$aMilano :$bOpportunity Book$9(OLS)http://semarc/publisher/38049